| 000 | 00915nam a22002055i 4500 | ||
|---|---|---|---|
| 001 | 165478 | ||
| 003 | ES-MaACL | ||
| 005 | 20250902100244.0 | ||
| 008 | 990129s1879 sp |||| | spa d | ||
| 080 | _a061.235(460.27 M.).055.5 | ||
| 110 | 2 |
_aReal Sociedad Económica Matritense de Amigos del País. _96389 |
|
| 245 | 1 | 0 |
_aMemoria de sus actas y tareas durante el año de 1878 / _cescrita por su secretario 1º Luis María de Tro y Moxó. |
| 260 |
_aMadrid : _b[s.n.], _c1879 ( _fImp. y Fundición de M. Tello) |
||
| 300 |
_a87 p. ; _c23 cm. |
||
| 505 | 8 | _aContiene: Lista de los individuos de la Sociedad en 30 de junio de 1879 | |
| 610 | 2 | 7 |
_aReal Sociedad Económica Matritense de Amigos del País- _vMemorias _2 _9145026 |
| 700 | 1 |
_aTro y Moxó, Luis María de. _9111470 |
|
| 852 | 4 |
_aES-MaACL _jT-312-F-3 _z- Enc. hol., conservando cub. original _z- Enc. en un vol. facticio |
|
| 999 |
_c165478 _d165478 |
||